Multikulturalizmus v Kanade počas vlády Pierrea Trudeaua diplomová práca

Salvato in:
Dettagli Bibliografici
Autore principale: Rudnayová, Lucia
Ente Autore: Fakulta medzinárodných vzťahov EU. Katedra medzinárodných politických vzťahov
Altri autori: Zágoršeková, Marta
Natura: Libro
Lingua:slovacco
Pubblicazione: Bratislava 2018
Tags: Aggiungi Tag
Nessun Tag, puoi essere il primo ad aggiungerne!!

MARC

LEADER 00000nbm a2200000 4500
001 0244491
005 20180807080639.7
041 0 |a slo 
044 |a SK 
245 1 0 |a Multikulturalizmus v Kanade počas vlády Pierrea Trudeaua  |b diplomová práca  |c Lucia Rudnayová ; školiteľ: Marta Zágoršeková 
264 1 |a Bratislava  |c 2018 
300 |a 72 s. 
100 1 |a Rudnayová, Lucia 
700 1 |a Zágoršeková, Marta 
710 2 |a Fakulta medzinárodných vzťahov EU. Katedra medzinárodných politických vzťahov